| Tag |
First Indicator |
Second Indicator |
Subfields |
| LEADER |
00000cam a2200000 i 4500 |
| 001 |
in00003782002 |
| 005 |
20211120173908.0 |
| 006 |
m o d f |
| 007 |
cr mn||||||||| |
| 008 |
160209e201512 vaua obt f000 0 eng c |
| 035 |
|
|
|a (OCoLC)ocn937713412
|
| 040 |
|
|
|a GPO
|b eng
|e rda
|e pn
|c GPO
|d GPO
|d MvI
|d UtOrBLW
|
| 042 |
|
|
|a pcc
|
| 043 |
|
|
|a n-us---
|
| 049 |
|
|
|a WWW
|
| 074 |
|
|
|a 0982-G-11 (online)
|
| 086 |
0 |
|
|a TD 2.30:15-036
|
| 088 |
|
|
|a FHWA-HRT-15-036
|
| 100 |
1 |
|
|a Von Quintus, H. L.
|q (Harold L.),
|e author.
|0 http://id.loc.gov/authorities/names/n91058131
|
| 245 |
1 |
0 |
|a Long-term pavement performance program determination of in-place elastic layer modulus :
|b backcalculation methodology and procedures /
|c author(s) Harold L. Von Quintus, Chetana Rao, and Lynne Irwin.
|
| 264 |
|
1 |
|a McLean, VA :
|b U.S. Department of Transportation, Federal Highway Administration, Research, Development, and Technology, Turner-Fairbank Highway Research Center,
|c December 2015.
|
| 300 |
|
|
|a 1 online resource (182 unnumbered pages) :
|b color illustrations
|
| 336 |
|
|
|a text
|b txt
|2 rdacontent
|
| 337 |
|
|
|a computer
|b c
|2 rdamedia
|
| 338 |
|
|
|a online resource
|b cr
|2 rdacarrier
|
| 500 |
|
|
|a Title from title screen (viewed Feb. 9, 2016).
|
| 500 |
|
|
|a "Publication number FHWA-HRT-15-036."
|
| 500 |
|
|
|a "December 2015."
|
| 504 |
|
|
|a Includes bibliographical references (pages 161-165).
|
| 513 |
|
|
|a Draft Final Report,
|b September 30, 2011--October 30, 2014.
|
| 536 |
|
|
|a Federal Highway Administration, Office of Infrastructure Research and Development
|c DTFH61-11-C-00051
|
| 610 |
2 |
0 |
|a Long-Term Pavement Performance Program (U.S.)
|0 http://id.loc.gov/authorities/names/no98068869
|
| 650 |
|
0 |
|a Pavements
|x Technological innovations
|z United States.
|
| 650 |
|
0 |
|a Pavements
|x Research
|z United States.
|
| 650 |
|
0 |
|a Materials
|x Elastic properties.
|0 http://id.loc.gov/authorities/subjects/sh2013001460
|
| 700 |
1 |
|
|a Rao, Chetana,
|e author.
|0 http://id.loc.gov/authorities/names/no2002048393
|
| 700 |
1 |
|
|a Irwin, Lynne H.,
|e author.
|0 http://id.loc.gov/authorities/names/n86817782
|
| 710 |
1 |
|
|a United States.
|b Federal Highway Administration.
|b Office of Research, Development, and Technology,
|e issuing body.
|0 http://id.loc.gov/authorities/names/no2002057484
|
| 710 |
1 |
|
|a United States.
|b Federal Highway Administration.
|b Office of Infrastructure Research and Development,
|e sponsoring body.
|0 http://id.loc.gov/authorities/names/no99081415
|
| 776 |
0 |
8 |
|i Print version:
|a Von Quintus, H. L. (Harold L.)
|t Long-term pavement performance program determination of in-place elastic layer modulus
|w (OCoLC)939923300
|
| 856 |
4 |
0 |
|u https://purl.fdlp.gov/GPO/gpo65249
|t 0
|
| 999 |
f |
f |
|s 74401d85-c96d-3e58-bb45-9409a463444f
|i e7aafd92-6ec5-31ff-880d-2ee0d54e3506
|t 0
|
| 952 |
f |
f |
|a Texas A&M University
|b College Station
|c Electronic Resources
|d Available Online
|t 0
|e TD 2.30:15-036
|h Superintendent of Documents classification
|
| 998 |
f |
f |
|a TD 2.30:15-036
|t 0
|l Available Online
|